000 00515nam a22001697a 4500
005 20241203121943.0
008 241203b |||||||| |||| 00| 0 eng d
020 _a812391223407
050 _aTD174 AMB
100 _aAmbasht, R. S.
245 _aEnvironment and Pollution/
_ban ecological approach
_cR. S. Ambasht & P. K. Ambasht
250 _a4th ed.
260 _aNew Delhi
_bCBS Publishers & Distributors
_c2006
300 _axii.323p.
_bill.
_c21.5cm
700 _aAmbasht, P. K.
942 _2lcc
_cBK
_e4th ed.
_n0
999 _c1939
_d1939